The Rockefellers : (Record no. 9351)
[ view plain ]
| 000 -LEADER | |
|---|---|
| fixed length control field | 00851cam a2200265 i 4500 |
| 001 - CONTROL NUMBER | |
| control field | 798744 |
| 003 - CONTROL NUMBER IDENTIFIER | |
| control field | OSt |
| 005 - DATE AND TIME OF LATEST TRANSACTION | |
| control field | 20250901165809.0 |
| 008 - FIXED-LENGTH DATA ELEMENTS--GENERAL INFORMATION | |
| fixed length control field | 751212s1976 nyua b 001 0ceng |
| 010 ## - LIBRARY OF CONGRESS CONTROL NUMBER | |
| LC control number | 75005465 |
| 020 ## - INTERNATIONAL STANDARD BOOK NUMBER | |
| International Standard Book Number | 0030083710 |
| 040 ## - CATALOGING SOURCE | |
| Original cataloging agency | DLC |
| Transcribing agency | DLC |
| Modifying agency | DLC |
| 050 00 - LIBRARY OF CONGRESS CALL NUMBER | |
| Classification number | E 747 .C64 1976 |
| Item number | .C64 |
| 082 00 - DEWEY DECIMAL CLASSIFICATION NUMBER | |
| Classification number | 973.9/092/2 |
| -- | B |
| 100 1# - MAIN ENTRY--PERSONAL NAME | |
| Personal name | Collier, Peter, |
| Dates associated with a name | 1939-2019 |
| 245 14 - TITLE STATEMENT | |
| Title | The Rockefellers : |
| Remainder of title | an American dynasty / |
| Statement of responsibility, etc. | by Peter Collier and David Horowitz. |
| 250 ## - EDITION STATEMENT | |
| Edition statement | 1st ed. |
| 260 ## - PUBLICATION, DISTRIBUTION, ETC. | |
| Place of publication, distribution, etc. | New York : |
| Name of publisher, distributor, etc. | Holt, Rinehart and Winston, |
| Date of publication, distribution, etc. | c1976. |
| 300 ## - PHYSICAL DESCRIPTION | |
| Extent | 746 p., [16] leaves of plates : |
| Other physical details | ill. ; |
| Dimensions | 24 cm. |
| 504 ## - BIBLIOGRAPHY, ETC. NOTE | |
| Bibliography, etc. note | Includes bibliographical references and index. |
| 600 30 - SUBJECT ADDED ENTRY--PERSONAL NAME | |
| Personal name | Rockefeller family. |
| 700 1# - ADDED ENTRY--PERSONAL NAME | |
| Personal name | Horowitz, David, |
| Dates associated with a name | 1939- |
| Relator term | joint author. |
| 906 ## - LOCAL DATA ELEMENT F, LDF (RLIN) | |
| a | 7 |
| b | cbc |
| c | orignew |
| d | 1 |
| e | ocip |
| f | 19 |
| g | y-gencatlg |
| 942 ## - ADDED ENTRY ELEMENTS (KOHA) | |
| Source of classification or shelving scheme | Library of Congress Classification |
| Koha item type | Books |
| Withdrawn status | Lost status | Source of classification or shelving scheme | Damaged status | Not for loan | Home library | Current library | Shelving location | Date acquired | Total checkouts | Full call number | Barcode | Date last seen | Price effective from | Koha item type |
|---|---|---|---|---|---|---|---|---|---|---|---|---|---|---|
| Library of Congress Classification | Main Library | Main Library | 03/20/2025 | E 747 .C64 1976 | PIU0006297 | 03/20/2025 | 03/20/2025 | Books |